| 000 | 01120cam a22002771i 4500 | ||
|---|---|---|---|
| 003 | SA-RiAUC | ||
| 005 | 20250425124355.0 | ||
| 008 | 250425s1984 su g 0001p ara c | ||
| 040 |
_aSA-EnSBSSC _bara _cSA-RiAUC _erda |
||
| 082 | 0 | 4 |
_a811.008 _qSA-RiAUC |
| 090 |
_a811.008 _bم خ ت |
||
| 245 | 0 | 0 |
_aمختارات البارودي من شعر بني أمية وبني العباس / _cمحمود سامي البارودي. |
| 250 | _aالطبعة الأولى. | ||
| 264 | 1 |
_aمكة المكرمة : _bمشروع مكتبة الجامعة، _c1984 |
|
| 300 |
_a4 مجلد ؛ _c28 سم. |
||
| 336 |
_aنص _btxt _2rdacontent _3كتاب |
||
| 337 |
_aبدون وسيط _bn _2rdamedia |
||
| 338 |
_aمجلد _bnc _2rdacarrier |
||
| 490 | 1 |
_aالمكتبة الجامعية ؛ _v2 |
|
| 650 | 7 |
_aالشعر العربي _yالعصر الأموي _2aucsh |
|
| 650 | 7 |
_aالشعر العربي _yالعصر العباسي _2aucsh |
|
| 700 | 1 |
_aالبارودي، محمود سامي، _d1839-1904 _eجامع. |
|
| 830 | 2 |
_aالمكتبة الجامعة _v2 |
|
| 942 |
_2ddc _cBOOK |
||
| 949 |
_aSA-JeALM _d250425 _ukhaled123 _n1 |
||
| 999 |
_c7329 _d7329 |
||